| 000 | 00613nam a2200181 a 4500 | ||
|---|---|---|---|
| 005 | 20140412111316.0 | ||
| 008 | 010320s19uu xx 00 eng d | ||
| 020 | _a0-517-56550-1 | ||
| 050 |
_aM 567.91 _bS596 1982 |
||
| 100 | _aSimon, Seymour | ||
| 245 |
_aThe smallest dinosaurs / _cSeymour Simon. |
||
| 260 |
_aNew York : _bCrown Publishers, Inc, _c1982. |
||
| 300 | _a47 p. ; ill. | ||
| 520 | _aDiscusses seven dinosaur, all about the size of a dog or chicken which are believed to be the bird's prehistoric cousin. | ||
| 650 | _aDinosaurs - Juvenile literature | ||
| 650 | _aDinosaurs | ||
| 999 |
_c104216 _d104216 |
||